Mô hình hoá quá trình cháy trong động cơ đốt trong /

Những kiến thức cơ bản nhất để mô hình hóa quá trình cháy trong động cơ đánh lửa cưỡng bức và động cơ DIESEL...

Enregistré dans:
Détails bibliographiques
Auteur principal: Bùi Văn Ga.
Autres auteurs: Phạm Xuân Mai., Trần Văn Nam., Trần Thanh Hải Tùng.
Format: Livre
Langue:Vietnamese
Publié: Hà Nội : Giáo dục, 1997.
Sujets:
Tags: Ajouter un tag
Pas de tags, Soyez le premier à ajouter un tag!
Thư viện lưu trữ: Mạng thư viện Đại học Đà Nẵng
LEADER 01144cam a2200361 i 4500
001 000044356
003 2726
005 20030916103553.0
008 010315b1997 vm 000 vie
020 |c 25000 
040 |a IRC  |c IRC  |d IRC 
041 0 |a vie 
082 1 4 |a 621.466  |b BU-G 
100 1 |a Bùi Văn Ga. 
245 0 0 |a Mô hình hoá quá trình cháy trong động cơ đốt trong /  |c Bùi Văn Ga, Phạm Xuân Mai, Trần Văn Nam, Trần Thanh Hải Tùng. 
260 |a Hà Nội :  |b Giáo dục,  |c 1997. 
300 |a 239tr. ;  |c 27cm. 
520 3 |a Những kiến thức cơ bản nhất để mô hình hóa quá trình cháy trong động cơ đánh lửa cưỡng bức và động cơ DIESEL... 
630 0 4 |a Động cơ đốt trong. 
650 0 4 |a Động cơ đốt trong. 
700 1 |a Phạm Xuân Mai. 
700 1 |a Trần Văn Nam. 
700 1 |a Trần Thanh Hải Tùng. 
OWN |a DUT 
999 |a From the UDN01 
TYP |a Monograph 
TYP |a Printed language 
980 |a Mạng thư viện Đại học Đà Nẵng